000 00725nam a2200229 i 4500
001 104907
003 ES-MaACL
005 20230906183725.0
007 t|
008 060524s1908 fr ||||1| fre d
080 _a78 Grétry, André-Ernest-Modeste
100 1 _aCurzon, Henri de.
_942258
245 1 0 _aGrétry
_b: biographie critique /
_cpar Henri de Curzon.
260 _aParis :
_bHenri Laurens,
_c[1908]
300 _a126 p. :
_bil. ;
_c21 cm.
490 1 _aLes musiciens célèbres
500 _aBiblioteca Jacinto Martínez Lacalle.
600 1 4 _aGrétry, André-Ernest-Modeste.
_959955
830 0 _aLes musiciens célèbres
_9184866
852 _aES-MaACL
_jE-11228
_bR.138929
999 _c104907
_d104907